| 000 | 00540cam a2200145 4500500 | ||
|---|---|---|---|
| 005 | 20260111093605.0 | ||
| 041 | _afre | ||
| 042 | _adc | ||
| 100 | 1 | 0 |
_aMiossec, Alain _eauthor |
| 245 | 0 | 0 | _aFanny Lopez, L’ordre électrique (infrastructures énergétiques et territoires), Métis presses, 2019, 208 pages, 32 € |
| 260 | _c2019. | ||
| 500 | _a67 | ||
| 786 | 0 | _nLa Géographie | 1575 | 4 | 2019-10-01 | p. 56i-61i | 1964-9002 | |
| 856 | 4 | 1 | _uhttps://shs.cairn.info/revue-la-geographie-2019-4-page-56i?lang=fr&redirect-ssocas=7080 |
| 999 |
_c1626777 _d1626777 |
||